Gaming Quiz

Random Gaming Quiz

Rainbow six siege operators (till Burnt Horizon) Quiz Stats

 Plays Quiz not verified by Sporcle

Support Sporcle.
Go Orange.
Score 0/46 Timer 05:00
0 Plays Today
Hint Answer % Correct
FBI???
99.1%
FBI???
96.8%
FBI???
94.7%
FBI???
94.7%
SAS???
94.3%
SAS???
94.3%
GSG9???
94.3%
GIGN???
94.3%
SAS???
94%
GSG9???
93.8%
Spetsnaz???
93.8%
SAS???
93.6%
GSG9???
93.6%
GSG9???
93.6%
GIGN???
93.6%
Spetsnaz???
93.3%
GIGN???
93.1%
Spetsnaz???
93.1%
Spetsnaz???
92.2%
JTF2???
92.2%
GIGN???
92%
JTF2???
91.7%
Navy Seals???
90.8%
Hint Answer % Correct
GROM???
90.1%
CBRN???
89.7%
707 SMB???
89.4%
GEO???
89.2%
CBRN???
89.2%
GROM???
87.4%
BOPE???
86.7%
SASR???
86.5%
Navy Seals???
86%
GEO???
86%
SASR???
85.9%
BOPE???
85.5%
GSUTR (Delta Force)???
84.9%
SAT???
84.8%
GSUTR (MPS)???
84.3%
707 SMB>She has 2 K's and it's ae! (Spelling help)???
83.9%
GIS???
83.8%
GIS???
83.8%
SAT???
82.5%
SDU???
82.5%
GIGR???
82.2%
GIGR???
81.6%
SDU???
81.6%

You're not logged in!

Compare scores with friends on all Sporcle quizzes.
OR
Log In

From the Vault

The Simpsons Classroom Allocation

by chaosBEE

These kids have been in the same classrooms for nearly 30 years!
Remove Ads.
Support Sporcle.
Get the best of Sporcle when you Go Orange. This ad-free experience offers more features, more stats, and more fun while also helping to support Sporcle. Thank you for becoming a member.

Show Comments

Extras

Top Quizzes Today


Score Distribution

Your Account Isn't Verified!

In order to create a playlist on Sporcle, you need to verify the email address you used during registration. Go to your Sporcle Settings to finish the process.

Report this User

Report this user for behavior that violates our Community Guidelines.

Details: